Central Library OPAC University of Rajshahi
Normal view MARC view

Entry Personal Name

Number of records used in: 6

001 - CONTROL NUMBER

  • control field: 10910

003 - CONTROL NUMBER IDENTIFIER

  • control field: BD-RjUL

005 - DATE AND TIME OF LATEST TRANSACTION

  • control field: 20240117120819.0

008 - FIXED-LENGTH DATA ELEMENTS

  • fixed length control field: 240117|| aca||aabn | a|a d

040 ## - CATALOGING SOURCE

  • Original cataloging agency: BD-RjUL
  • Transcribing agency: BD-RjUL

100 ## - HEADING--PERSONAL NAME

  • Personal name: Sephri, Burzo ;; سپهرى، برزو

670 ## - SOURCE DATA FOUND

  • Source citation: Work cat.: (BD-RjUL)82658: Sephri, Burzo ;; سپهرى، برزو, بحث در مسائل پرورش اخلاقى /Debate on the problems of moral education /, [1951] ١٣٣٠ [ش].